Big Mouth (Netflix) Quiz - Statistics

General Stats
  • This quiz has been taken 47 times
  • The average score is 7 of 40
Answer Stats
Question Answer % Correct
S1 E1: What does Nick call Maurice? The Puberty Fairy
75%
S1 E3: Who does Andrew sing a song with about being gay? Freddie Mercury
61%
S2 E2: Which character is gaining popularity because of her new large breasts? Gina
57%
S2 E4: Who does Coach Steve lose his virginity to? Jay's Mom
57%
S2 E5: Which two characters get high from weed gummies? Nick and Jessi
50%
S2 E3: What is the name of the character that shows up and makes the kids feel s***y and guilty about themselves? The Shame Wizard
50%
S1 E2: What does Jessi use as a diaper when she gets her period at the Statue of Liberty? A 9/11 Towel
39%
S1 E8: What is the name of the alcohol that Jay brings to the party? Cotton Candy Brandy
36%
S1 E6: What is the name of the pillow that Pam gives birth to? Scorpion
32%
S2 E8: What does Coach Steve call the Shame Wizard? The Shane Lizard
29%
S2 E9: What is the name of Missy's glow worm? Wiggles
25%
S1 E5: What are the characters' names in the book "The Rock of Gibraltor" that the girls love? Gustavo and Fatima
18%
S3 E7: Who was Duke Ellington's hormone monster? Maury
18%
S3 E2: What do the girls do to protest the dress code? Slut Walk
18%
S2 E10: Who takes over as Jessi's number one in this episode? The Depression Kitty
18%
S3 E3: What is the name of the boy that Matthew meets at the pharmacy? Aiden
11%
S4 E5: Which character's birthday is on 9/11? Coach Steve
11%
S1 E9: What is Coach Steve's DJ name? DJ Pendejo
11%
S1 E10: What is the catchphrase of the Italian Stallion? "It's great!"
11%
S3 E8: What medication does the doctor prescribe to Jay that he ends up selling? Adderall
7%
S3 E10: Which character's super power is that they turn invisible when they fart? Andrew
7%
S4 E10: Who helps Jessi get over her anxiety? Gratitoad
7%
S3 E4: Which characters work together to write a story about a romance between Gustavo and Nathan Fillion? Jay and Missy
7%
S3 E9: Who get the two lead parts in Disclosure: The Musical? Nick and Missy
7%
S4 E4: What is the name of Jessi's new boyfriend in the city? Michael Angelo
4%
S4 E1: Who voices Nick's camp best friend Seth Goldburg? Seth Rogen
4%
S4 E3: What does Andrew and the rest of the camp call Nick because he smells? Soup
4%
S1 E7: What do Andrew, Nick, and Missy do their project on? The Yellowstone Caldera
4%
S4 E2: What does Jessi learn how to do in this episode? Use a tampon
4%
S2 E1: What is Nick's doctor's first name? Wendy
4%
S4 E7: How many steps are in the Glouberman method? 17
0%
S3 E1: What is the name of the woman who Jessi's mom dates? Cantor Dina Resnik
0%
S2 E6: What are the forms of birth control that are featured in the "Miss Conception" skit? Condom, The Pill, Diaphragm, IUD, Implant, Pull-Out Method
0%
S4 E6: What is the name of the game show that Nick hosts in the future? Countdown to Money with Nick Starr
0%
S2 E7: Who is moving in to Guy Town? Greg Glazer
0%
S4 E8: Who does Andrew think he killed because he touched himself with following the method? His grandpa (Zady)
0%
S4 E9: What is the name of the sorority that hosts the haunted house? Kappa Kappa Kill (KKK)
0%
S1 E4: Who stars in the pornographic film that the boys want to watch at the sleepover? Sylvester Stallone (The Italian Stallion)
0%
S3 E6: What game show is the "Do the Thing" skit based on? The Price is Right
0%
S3 E5: Why did Andrew's cousin change her name from Cheryl Glouberman to Cherry Merachino? To vape competitively
0%
No matching quizzes found
Score Distribution
Percent of People with Each Score
Percentile by Number Answered
Your Score History
You have not taken this quiz